Nové devínske elégie dokumentárne básne

Bibliographic Details
Main Author: Đerić, Zoran, 1960- (Author)
Other Authors: Valent-Belić, Zdenka, 1975- (Translator), Todoreskov, Dragana V. (Author of afterword, colophon, etc.), Mustedanagić, Lidija (Author of afterword, colophon, etc.), Smišek, Mišo, 1957- (Photographer), Prebudila, Martin, 1960- (Translator)
Format: Book
Language:Slovak
Serbian
PhysicalDescription:142 strán fotografie 22 cm
Published: Bratislava Kultúrno-literárna akadémia 2017
ISBN:9788097282783
Edition:Prvé vydanie
Subjects:

MARC

LEADER 00000nam a2200000 a 4500
001 vtls011724808
003 SK-MaSNL
005 20260302091834.0
008 200104s2017 xo o g 000 mdslo
015 |a SNBA2018/03 
020 |a 9788097282783  |q (viazané) 
035 |a urn:nbn:sk:snk-am00d26s 
035 |a urn:nbn:sk:snk-am3hj60 
035 |a BB2AC742-C7DF-4BB3-9318-93F9EFF3832A 
040 |a SNK  |b slo  |c SNK  |e rda 
041 1 |a slo  |h srp 
043 |a e-xo--- 
044 |a xo  |c SK 
072 7 |a 821.163  |x Južnoslovanské literatúry  |2 konspekt 
080 |a 821.163.41-1  |2 2011 
080 |a 821.163.41  |2 2011 
080 |a 82-143  |2 2011 
080 |a (437.611)  |2 2011 
100 1 |a Đerić, Zoran,  |d 1960-  |4 aut  |9 132878 
245 1 0 |a Nové devínske elégie  |b dokumentárne básne  |c Zoran Đerić ; preložila Zdenka Valentová-Belić, Martin Prebudila ; doslov: Dragana V. Todoreskov, Lidija Mustedanagić 
250 |a Prvé vydanie 
264 1 |a Bratislava  |b Kultúrno-literárna akadémia  |c 2017 
300 |a 142 strán  |b fotografie  |c 22 cm 
336 |a text  |b txt  |2 rdacontent 
337 |a bez média  |b n  |2 rdamedia 
338 |a zväzok  |b nc  |2 rdacarrier 
500 |a Preklad pravdepodobne zo srbštiny 
500 |a Obsahuje biografické informácie o autorovi na obálke 
650 0 7 |a srbská literatúra  |2 SNKPH  |9 1208 
650 0 7 |a Serbian literature  |2 SNKPHeng  |9 335355 
650 0 7 |a Elegiac poetry  |2 SNKPHeng  |9 253152 
650 0 7 |a elégie (literatúra)  |2 SNKPH  |9 134096 
651 7 |a Devín (Bratislava IV, Slovensko)  |2 SNKPHgeo  |9 75534 
651 7 |a Devín (Bratislava IV, Slovakia)  |2 SNKPHeng  |9 332146 
655 7 |a srbská poézia  |2 SNKPH  |9 70688 
655 7 |a Serbian poetry  |2 SNKPHeng  |9 330910 
700 1 |a Valent-Belić, Zdenka,  |d 1975-  |4 trl  |9 180917 
700 1 |a Todoreskov, Dragana V.  |4 aft  |9 760859 
700 1 |a Mustedanagić, Lidija  |4 aft  |9 760860 
700 1 |a Smišek, Mišo,  |d 1957-  |4 pht  |9 124002 
700 1 |a Prebudila, Martin,  |d 1960-  |4 trl  |9 120312 
919 |a 978-80-972827-8-3 
958 |a LX 
958 |a BX 
999 |c 1202321  |d 1204251 
952 |a SNK  |b SNK  |y PREZ  |7 0  |p 17A1308122  |o snkSC 177831  |i snk2018/2124  |8 0  |0 0  |1 0  |4 0  |d 2018-01-25  |f 1  |l 0  |r 2025-09-19 00:00:00  |w 2026-02-24 
952 |a SNK  |b SNK  |y VYP  |7 0  |p 17A1308123  |o snkSC 177831 D1  |i snk2018/2128  |8 0  |0 0  |1 0  |4 0  |d 2018-01-25  |l 0  |r 2026-02-24 22:46:27  |w 2026-02-24